Detalles MARC
| 000 -LEADER |
| fixed length control field |
02200 am a2200517 a 4500 |
| 005 - FECHA ULTIMA MODIFICACION |
| control field |
20240524082330.0 |
| 008 - CAMPO DE CONTROL (LIBRO) |
| fixed length control field |
100310s1992||||mx A f |||| 001 0 spa d |
| 020 ## - INTERNATIONAL STANDARD BOOK NUMBER |
| ISBN |
968860416X |
| 041 ## - CODIGO DE IDIOMA |
| Código de idioma del texto/pista de sonido o título separado |
spa |
| 092 ## - SIGNATURA TOPOGRAFICA DEWEY LOCAL |
| número de clasificación |
362.1 |
| libristica |
46 |
| sección |
KRO |
| 100 1# - ENTRADA PRINCIPAL--NOMBRE PERSONAL |
| Nombre personal |
Kroeger, Axel. |
| Función |
Comp. |
| 9 (RLIN) |
564 |
| 245 ## - TITULO PROPIAMENTE DICHO |
| Título |
Atención primaria de salud. |
| Subtítulo y Título paralelo |
Principios y métodos / |
| Mención de responsabilidad y remanente de la transcripción de la portada |
Axel Kroeger |
| 250 ## - MENCION DE EDICION |
| Mención de edición |
2a ed. |
| 260 ## - PIE DE IMPRENTA |
| Lugar de publicación, distribución, etc |
México: |
| Nombre de la editorial, distribuidor, etc |
OPS ; Editorial Pax México; |
| Fecha de publicación |
1992. |
| 300 ## - DESCRIPCION FISICA |
| Extension |
639 p. |
| 500 ## - NOTA GENERAL |
| Nota general |
Kroeger, A. y Luna, R. (Comps.). (1992). Atención primaria de salud. Principios y métodos. (2a ed.). México : OPS ; Editorial Pax México. |
| 590 ## - NOTAS LOCALES (RLIN) |
| Nota local |
Compra ESMED 2009 |
| 653 ## - TÉRMINO INDIZADO - PALABRAS CLAVES |
| Palabra clave |
Aspectos programáticos de la atención primaria de salud a nivel nacional e internacional |
| 653 ## - TÉRMINO INDIZADO - PALABRAS CLAVES |
| Palabra clave |
Contexto socio-cultural |
| 653 ## - TÉRMINO INDIZADO - PALABRAS CLAVES |
| Palabra clave |
Administración de un programa de salud |
| 653 ## - TÉRMINO INDIZADO - PALABRAS CLAVES |
| Palabra clave |
Trabajador básico de salud (TBS) |
| 653 ## - TÉRMINO INDIZADO - PALABRAS CLAVES |
| Palabra clave |
Investigación a nivel local |
| 653 ## - TÉRMINO INDIZADO - PALABRAS CLAVES |
| Palabra clave |
Educación para la salud |
| 653 ## - TÉRMINO INDIZADO - PALABRAS CLAVES |
| Palabra clave |
Atención del niño |
| 653 ## - TÉRMINO INDIZADO - PALABRAS CLAVES |
| Palabra clave |
Inmunización |
| 653 ## - TÉRMINO INDIZADO - PALABRAS CLAVES |
| Palabra clave |
Alimentación |
| 653 ## - TÉRMINO INDIZADO - PALABRAS CLAVES |
| Palabra clave |
Control prenatal y atención del niño |
| 653 ## - TÉRMINO INDIZADO - PALABRAS CLAVES |
| Palabra clave |
Trabajo con las parteras empíricas (comadronas) |
| 653 ## - TÉRMINO INDIZADO - PALABRAS CLAVES |
| Palabra clave |
Educación sexual y planificación familiar |
| 653 ## - TÉRMINO INDIZADO - PALABRAS CLAVES |
| Palabra clave |
Saneamiento ambiental |
| 653 ## - TÉRMINO INDIZADO - PALABRAS CLAVES |
| Palabra clave |
Control de la tuberculosis |
| 653 ## - TÉRMINO INDIZADO - PALABRAS CLAVES |
| Palabra clave |
Enfermedades tropicales (malaria, chagas, leishmaniasis) |
| 653 ## - TÉRMINO INDIZADO - PALABRAS CLAVES |
| Palabra clave |
Salud mental: el papel del médico y la enfermera |
| 653 ## - TÉRMINO INDIZADO - PALABRAS CLAVES |
| Palabra clave |
Salud oral |
| 653 ## - TÉRMINO INDIZADO - PALABRAS CLAVES |
| Palabra clave |
Salud y enfermedades de la piel |
| 653 ## - TÉRMINO INDIZADO - PALABRAS CLAVES |
| Palabra clave |
Cirugía en pequeñas unidades de salud |
| 653 ## - TÉRMINO INDIZADO - PALABRAS CLAVES |
| Palabra clave |
Manejo de medicamentos |
| 653 ## - TÉRMINO INDIZADO - PALABRAS CLAVES |
| Palabra clave |
Plantas medicinales y su uso |
| 653 ## - TÉRMINO INDIZADO - PALABRAS CLAVES |
| Palabra clave |
Técnicas simples de laboratorio |
| 653 ## - TÉRMINO INDIZADO - PALABRAS CLAVES |
| Palabra clave |
Anexos: 1- Revistas que son relevantes para la APS. 2- Manuales y material didáctico para el personal auxiliar. 3- Grupos e instituciones en Latinoamerica que trabajan en programas de atención primaria de salud, en tecnología apropiada o áreas similares. 4- Oficinas de la Organización Panamericana de la Salud. |
| 700 1# - ENTRADAS SECUNDARIAS - NOMBRE PERSONAL |
| Nombre personal |
Luna, Ronaldo. |
| 9 (RLIN) |
565 |
| Función |
Comp. |
| 930 ## - NUMERO DE INVENTARIO |
| Número de inventario |
2074 |
| 930 ## - NUMERO DE INVENTARIO |
| Número de inventario |
2075 |
| 930 ## - NUMERO DE INVENTARIO |
| Número de inventario |
2076 |
| 942 ## - ADDED ENTRY ELEMENTS (KOHA) |
| Source of classification or shelving scheme |
Dewey Decimal Classification |
| Item type |
Libros |